000 00710cam a22002413a 4500
001 26534
003 PGUSA
005 20140828083555.0
008 080905s2008||||xxu|||||s|||||000 1 eng d
040 _aPGUSA
_beng
042 _adc
050 4 _aPZ
100 1 _aMarlowe, Amy Bell
245 1 4 _aThe Girl from Sunset Ranch; Or, Alone in a Great City
_h[electronic resource] /
_cAmy Bell Marlowe
260 _bProject Gutenberg,
_c2008
506 _aPublic domain in the USA.
516 _aElectronic text
653 _aMontana -- Juvenile fiction
653 _aComing of age -- Juvenile fiction
830 0 _aProject Gutenberg
_v26534
856 4 0 _uhttp://www.gutenberg.org/ebooks/26534
942 _cEB
999 _c255789
_d255789